Nanolime (Record no. 116136)

MARC details
000 -LEADER
fixed length control field 01578cam a22002415a 4500
001 - CONTROL NUMBER
control field 159850
008 - FIXED-LENGTH DATA ELEMENTS--GENERAL INFORMATION
fixed length control field 180314s2017 xxk f 000 0 eng d
035 ## - SYSTEM CONTROL NUMBER
System control number (Sirsi) u159850
041 ## - LANGUAGE CODE
Language code of text/sound track or separate title eng
050 ## - LIBRARY OF CONGRESS CALL NUMBER
Classification number 693.5
110 ## - MAIN ENTRY--CORPORATE NAME
Corporate name or jurisdiction name as entry element Historic England
9 (RLIN) 6175
245 ## - TITLE STATEMENT
Title Nanolime
Remainder of title A practical guide to its use for consolidating weathered limestone
Medium [electronic resource]
260 ## - PUBLICATION, DISTRIBUTION, ETC.
Place of publication, distribution, etc. London
-- istoric England
Date of publication, distribution, etc. 2017
520 ## - SUMMARY, ETC.
Summary, etc. Although the past ten years have seen an increase in the use of nanolime as a stone consolidant, not much was known about its properties and performance, and there had been no long-term evaluation of its effect on deteriorated limestone in an external UK environment. Furthermore, there was no consistent guidance regarding application of nanolime. For these reasons, Historic England commissioned a programme of research at the University of Bath and site trials at various English cathedrals. The information provided in this advice note is based on both the results of the research and the experience of conservators who have used nanolime. It also reflects issues discussed at a symposium held at the University of Bath in September 2015.
650 ## - SUBJECT ADDED ENTRY--TOPICAL TERM
Topical term or geographic name entry element CONCRETE
650 ## - SUBJECT ADDED ENTRY--TOPICAL TERM
Topical term or geographic name entry element LIMESTONE
650 ## - SUBJECT ADDED ENTRY--TOPICAL TERM
Topical term or geographic name entry element MAGNESIAN LIMESTONES
651 #4 - SUBJECT ADDED ENTRY--GEOGRAPHIC NAME
Geographic name ENGLAND AND WALES
690 ## - LOCAL SUBJECT ADDED ENTRY--TOPICAL TERM (OCLC, RLIN)
Topical term or geographic name as entry element BUILT ENVIRONMENT-BUILDING MATERIALS
856 40 - ELECTRONIC LOCATION AND ACCESS
Uniform Resource Identifier <a href="https://content.historicengland.org.uk/images-books/publications/nanolime-use-for-consolidating-weathered-limestone/heag151-nanolime.pdf/">https://content.historicengland.org.uk/images-books/publications/nanolime-use-for-consolidating-weathered-limestone/heag151-nanolime.pdf/</a>
Public note View the item at historicengland.org.uk
942 ## - ADDED ENTRY ELEMENTS (KOHA)
Suppress in OPAC 0
948 ## - LOCAL PROCESSING INFORMATION (OCLC); SERIES PART DESIGNATOR (RLIN)
c (OCLC) 24/02/1998
Holdings
Withdrawn status Lost status Source of classification or shelving scheme Damaged status Not for loan Home library Current library Shelving location Date acquired Total Checkouts Full call number Barcode Date last seen Copy number Price effective from Koha item type
    Dewey Decimal Classification     Virtual Virtual Online 14/03/2018   ONLINE PUBLICATION 159850-2001 06/08/2019 1 06/08/2019 Book